000 00586nam a2200205Ia 4500
005 20250508154328.0
008 008 250505s9999 xx 000 0 eng d
037 _aTextual
040 _aFEDL
_beng
_cFEDL
041 _aeng
_2eng
084 _a155.2, MED
_qFEDL
100 _aMednick Martha T. Ed.
_9318117
245 0 _aResearch in personality
260 _aNew York, USA
_bHolt, Rinehart and Winston
_c1963
300 _ax,627p
650 _aPersonality
700 _a Mednick Sarnoff A. Ed.
_9765316
942 _cTEXL
_h155.2, MED
999 _c1349591
_d1349591